00833 2200289 4500001002100000005001500021035002500036008004100061020002200102040001700124082001400141084001400155245010000169250001100269260003100280300004500311700002000356850001200376007000300388090001800391090002100409504002500430651002500455999002100480990002100501990002100522INLIS00000000001533420200616014921 a0010-101500000001068151028s2015 yoia g ind d a978-602-258-281-6 aYOPDYOGbind04222a959.8 a959.8 KOT 0aKota lama kota baru :bsejarah kota-kota di Indonesia /cpenyunting, Freek Colombijn...[et al]. aCet. 23 aYogyakarta :bOmbak,c2015 axxxii, 601 halaman :bilustrasi ;c24 cm0 aFreek Colombijn aYOPDYOGta aDEP 959.8 KOT aCB-D.11 2015-603 atermasuk bibliografi aIndonesia--ySejarah aCB-D.11/2015-603 aCB-D.11/2015-603 aCB-D.11/2015-603